Bristol Train Stations - Statistics

General Stats
  • This quiz has been taken 97 times
  • The average score is 7 of 13
Answer Stats
Station % Correct
Bristol Temple Meads
99%
Clifton Down
67%
Bedminster
61%
Lawrence Hill
60%
Avonmouth
59%
Redland
58%
Stapleton Road
56%
Montpelier
55%
Sea Mills
51%
Parson Street
45%
Shirehampton
44%
St Andrews Road
36%
Portway Park & Ride
29%
No matching quizzes found
Score Distribution
Percent of People with Each Score
Percentile by Number Answered
Your Score History
You have not taken this quiz